<?xml version="1.0" encoding="UTF-8"?>
<collection xmlns="http://www.loc.gov/MARC21/slim">
    <record>
        <controlfield tag="001">68823</controlfield>
        <controlfield tag="005">20180223095423.0</controlfield>
        <datafield tag="037" ind1=" " ind2=" ">
            <subfield code="a">GDOC-2016-61654</subfield>
        </datafield>
        <datafield tag="041" ind1=" " ind2=" ">
            <subfield code="a">spa</subfield>
        </datafield>
        <datafield tag="100" ind1=" " ind2=" ">
            <subfield code="0">(orcid)0000-0002-1191-0160</subfield>
            <subfield code="1">185081</subfield>
            <subfield code="a">Baelo Allué, Sonia María</subfield>
        </datafield>
        <datafield tag="245" ind1="0" ind2="0">
            <subfield code="9">61654</subfield>
            <subfield code="a">Tendencias de la narrativa norteamericana contemporánea</subfield>
        </datafield>
        <datafield tag="242" ind1="0" ind2="0">
            <subfield code="9">61654</subfield>
            <subfield code="a">Main trends in contemporary U.S. fiction</subfield>
        </datafield>
        <datafield tag="260" ind1=" " ind2=" ">
            <subfield code="a">Zaragoza</subfield>
            <subfield code="b">Universidad de Zaragoza</subfield>
            <subfield code="c">2016-2017</subfield>
        </datafield>
        <datafield tag="520" ind1=" " ind2=" ">
            <subfield code="a">Breve presentación de la asignatura
El curso se centra en el estudio crítico de una selección de textos literarios representativos de la narrativa norteamericana contemporánea desde varias perspectivas teóricas, suplementados con algunos textos fílmicos, y analizados en su relación con la cultura angloamericana. Este análisis hace hincapié en las características más relevantes de la ficción norteamericana reciente, prestando especial atención a sus rasgos metaficcionales, intertextualidad e ideología dentro de un amplio contexto: su relación con las teorías científicas, el impacto de factores como la raza, el género y la clase social, la globalización, los medios de comunicación y la cultura actual.
El curso se centra en el estudio crítico de una selección de textos literarios representativos de la narrativa norteamericana contemporánea desde varias perspectivas teóricas, suplementados con algunos textos fílmicos, y analizados en su relación con la cultura angloamericana. Este análisis hace hincapié en las características más relevantes de la ficción norteamericana reciente, prestando especial atención a sus rasgos metaficcionales, intertextualidad e ideología dentro de un amplio contexto: su relación con las teorías científicas, el impacto de factores como la raza, el género y la clase social, la globalización, los medios de comunicación y la cultura actual.</subfield>
            <subfield code="b">Brief presentation of the course
The course focuses on the critical study of a selection of contemporary North American literary texts analysed from a variety of theoretical perspectives and supplemented with filmic texts. The literary texts are analysed in the light of their relationship with Anglo-American culture. The analysis emphasises the most important characteristics of present-day North American fiction, paying special attention to its metafictional elements, intertextuality and ideology within a broad context: its connection with scientific theories, the impact of factors such as race, gender and class, globalization, mass media and contemporary culture as a whole.</subfield>
        </datafield>
        <datafield tag="521" ind1=" " ind2=" ">
            <subfield code="9">694</subfield>
            <subfield code="a">Estudios Avanzados de Literatura y Cine en Lengua Inglesa</subfield>
        </datafield>
        <datafield tag="540" ind1=" " ind2=" ">
            <subfield code="a">by-nc-sa</subfield>
            <subfield code="b">Creative Commons</subfield>
            <subfield code="c">3.0</subfield>
            <subfield code="u">http://creativecommons.org/licenses/by-nc-sa/3.0/</subfield>
        </datafield>
        <datafield tag="700" ind1=" " ind2=" ">
            <subfield code="0">(orcid)0000-0003-2902-7613</subfield>
            <subfield code="1">363736</subfield>
            <subfield code="a">Nadal Blasco, María Benita</subfield>
        </datafield>
        <datafield tag="700" ind1=" " ind2=" ">
            <subfield code="0">(orcid)0000-0002-8054-095X</subfield>
            <subfield code="1">390065</subfield>
            <subfield code="a">Martínez Falquina, Silvia</subfield>
        </datafield>
        <datafield tag="830" ind1=" " ind2=" ">
            <subfield code="9">552</subfield>
        </datafield>
        <datafield tag="856" ind1="4" ind2=" ">
            <subfield code="s">18972</subfield>
            <subfield code="u">http://zaguan.unizar.es/record/68823/files/guia-61654-en.pdf</subfield>
            <subfield code="y">Guide (english)</subfield>
        </datafield>
        <datafield tag="856" ind1="4" ind2=" ">
            <subfield code="s">27497</subfield>
            <subfield code="u">http://zaguan.unizar.es/record/68823/files/guia-61654-es.pdf</subfield>
            <subfield code="y">Guía (idioma español)</subfield>
        </datafield>
        <datafield tag="970" ind1=" " ind2=" ">
            <subfield code="a">GDOC-2016-61654</subfield>
        </datafield>
        <datafield tag="980" ind1=" " ind2=" ">
            <subfield code="a">GDOC</subfield>
            <subfield code="b">Artes y humanidades</subfield>
            <subfield code="c">103</subfield>
        </datafield>
    </record>

    
</collection>